| 000 | 00970nam a22002895a 4500 | ||
|---|---|---|---|
| 001 | 016498932 | ||
| 003 | OSt | ||
| 005 | 20150818130015.0 | ||
| 008 | 131202s2014 enka frb f001 0 eng d | ||
| 020 | _a9780521124324 | ||
| 040 |
_aEG-ScBUE _beng _cEG-ScBUE |
||
| 082 | 0 | 4 |
_a658.812 _bLUS _222 |
| 100 | 1 |
_aLusch, Robert F. _938359 |
|
| 245 | 1 | 0 |
_aService-dominant logic : _bpremises, perspectives, possibilities / _cRobert F. Lusch and Stephen L. Vargo. |
| 260 |
_aCambridge : _bCambridge University Press, _c2014. |
||
| 300 |
_axxvi, 225 p. : _bill. ; _c26 cm. |
||
| 500 | _aIndex : p. 222-225. | ||
| 504 | _aIncludes bibliographical references. | ||
| 650 | 0 |
_aCustomer relations _xPhilosophy. _2BUEsh |
|
| 650 | 0 |
_aCustomer services _xPhilosophy. _2BUEsh |
|
| 650 | 0 |
_aService industries _xPhilsophy. _2BUEsh |
|
| 651 | _2BUEsh | ||
| 653 |
_bBUSADM _cAugust2015 |
||
| 655 |
_vreading book _934232 |
||
| 700 | 1 |
_aVargo, Stephen L., _d1945- |
|
| 942 |
_2ddc _k658.812 LUS |
||
| 999 |
_c20541 _d20513 |
||